Normal view
MARC view
- ADVANCED COMPOSITES AIRCRAFTS-MAINTENANCE AND REPAIR AIRPLANES-MATERIALS COMPOSITE MATERIALS-BONDING COMPOSITE MATERIALS-REPAIRING
Entry Topical Term
001 - CONTROL NUMBER
- control field: 77534
003 - CONTROL NUMBER IDENTIFIER
- control field: NUST
005 - DATE AND TIME OF LATEST TRANSACTION
- control field: 20210628205931.0
008 - FIXED-LENGTH DATA ELEMENTS
- fixed length control field: 210628|| aca||aabn | a|a d
040 ## - CATALOGING SOURCE
- Original cataloging agency: NUST
- Transcribing agency: NUST
150 ## - HEADING--TOPICAL TERM
- Topical term or geographic name entry element: ADVANCED COMPOSITES AIRCRAFTS-MAINTENANCE AND REPAIR AIRPLANES-MATERIALS COMPOSITE MATERIALS-BONDING COMPOSITE MATERIALS-REPAIRING
670 ## - SOURCE DATA FOUND
- Source citation: Work cat.: (NUST): Barrett, Richard.T Armstrong, Keith.B 77533, Care and repair of advanced composites, 1998
